000 00603nam a2200217Ia 4500
005 20250923145914.0
008 008 250917s9999 xx 000 0 eng d
037 _aTextual
040 _aDSWL
_beng
_cDSWL
041 _aeng
_2eng
084 _aY15-31.2, N93
_qDSWL
100 _aPoitevin, G.
_9840160
245 0 _aIndian peasent women speak up
_c by G. Poitevin
260 _aBombay
_b Orient ISI India
_c1993
300 _a201p.
365 _aINR
_b125.00
700 _a H. Rairkar
_9840161
925 _g125.00
942 _cTEXL
_hY15-31.2, N93
999 _c1457180
_d1457180